Malaysia at 50 and beyond /

Bibliographic Details
Format: Book
Published: Kuala Lumpur: Malaysian Strategic Research Centre, 2009.
Subjects:
LEADER 00614cam a2200193 7i4500
001 0000012431
005 20151104090000.0
005 ##20151104113400.0
003 ##MY-KlINT
020 # # |a 9789839783223  
039 # 9 |y 201511041134  |z VLOAD 
090 0 0 |a 959.5   |b MAL 
245 1 0 |a Malaysia at 50 and beyond /   |c edited Abdul Razak Baginda. 
260 # # |a Kuala Lumpur:   |b Malaysian Strategic Research Centre,   |c 2009. 
300 # # |a 371 p:   |b ill;   |c 21cm. 
600 0 0 |a Abdul Razak Baginda, 1960- 
650 # 0 |a Malaysia --   |x History  
650 # 0 |a Malaysia --   |x Politics and government  
999 |a 0000065873  |b BOOK  |c Main Non-Fiction  |e INTAN BK